| 000 | 00397nam a2200169Ia 4500 | ||
|---|---|---|---|
| 008 | 230524s9999 xx 000 0 und d | ||
| 020 | _a9789384207878 | ||
| 082 |
_a342.648 _bKum |
||
| 100 |
_aKrishna Kumar _945038 |
||
| 245 | 0 | _aCyber Law | |
| 250 | _a1 | ||
| 260 |
_aNew Delhi _bDominant _c2018 |
||
| 300 | _a"V,527p;" | ||
| 500 | _aQuantity Number: 1 | ||
| 650 | _aComp Sc. | ||
| 942 | _cBK | ||
| 999 |
_c60635 _d60635 |
||